000
00276nam a22001217a 4500
999
_c
13352
_d
13352
020
_a
9780511077654
082
_a
823.809
100
_a
Penelope Eckert, Sally McConnell-Ginet
245
_a
Language and Gender
260
_a
UK
_b
Cambridge
_c
2003
300
_a
376
942
_c
BK